000 00655nam a2200229Ia 4500
003 OSt
005 20221005044512.0
006 a|||||r|||| 00| 0
007 ta
008 221004b |||||||| |||| 00| 0 eng d
024 _a20449
037 _cTextual
040 _aCRL
_cCRL
_beng
041 _2eng
_aeng
082 _aV44Q7:71.N<--C, M2
245 0 _aIslamabad
_b Picturesque capital of Pakistan an archaeological and historical perspective
260 _aIslamabad
_bIslamic University Pakistan
_c1982
300 _a76 p.
_ccm.
650 _aHISTORY
942 _hV44Q7:71.N<--C, M2
_cTEXL
_2cc
999 _c953498
_d953498